00410nam a2200169Ia 4500008004100000020001800041050001400059245002500073245002200098260001500120260001600135260000900151300001400160300002500174300001000199440003100209180207s9999 xx 000 0 und d a9780545029759 bO329 2008 aO'Figgity fig tree : ba holiday story / aNew York : bScholastic, c2008 aunpaged : bcolor illustration ; c18cm. aNick Jr. wow! wow! wubbzy!